000 00693nam a2200289Ia 4500
005 20260324120216.0
008 008 260324s9999 xx 000 0 eng d
020 _a9780429172359
037 _aEBOOK
040 _aCRL
040 _beng
040 _cCRL
041 _2eng
041 _aeng
084 _qCRL
100 _aG. Jock Churchman; Pooria Pasbakhsh
_91157660
245 0 _aNatural Mineral Nanotubes
245 0 _bProperties and Applications
260 _bTaylor and Francis
260 _c2015
365 _a
365 _b320
856 _uhttp://www.taylorfrancis.com/books/9780429172359
942 _cEBOOK
999 _c1749070
_d1749070